00653nam a2200193Ia 4500008004100000020001800041082001500059100001700074245004900091250000800140260003700148300002300185500001900208600002100227650005000248942000700298952013700305999001700442240925s9999 xx 000 0 und d a9788120347021 a005.74 KEL aKelkar S. A. 0aSoftware Project Management: A Concise Study a3rd aNew Delhi:bPHI Learningc,2013. a127p.b0fOriginal aIncludes Index aComputer Science aComputer science, information & general works cBK 001040708SEaUITUbUITUd2016-08-11eBook World Internationalg740.00l0o005.74 KELpQ10958r2024-09-25 07:15:54w2024-09-25yBK c13457d13457